000 00942nam a22003137a 4500
001 BR6002074
003 BR-BrBNA
005 20230928083114.0
007 ta
008 230509b bl.||||| |||| 00| 0 por d
040 _aBR-BrBNA
_bpor
_cBiblioteca Nacional de Agricultura
041 _a(Por)
072 _aE50; E10
090 _ E50 BR6002074
100 1 _aLeme, P.F.R.P.
110 1 _aBanco Central do Brasil, Rio de Janeiro, GB
_91052
245 1 _aAs mudancas tecnologicas nas empresas, o papel do credito rural. Sociologia rural. Comunicacao no meio rural
_bCursos de Credito Rural, no. 4
260 3 _aRio de Janeiro, GB (Brasil):
_c1968.
300 _a37 p.
650 _aTECNOLOGIA AGRICOLA
650 _aPRODUTIVIDADE
650 _aINSUMO
650 _aINVESTIMENTO
650 _aCOMUNICACAO
650 _aDESENVOLVIMENTO RURAL
650 _aCREDITO RURAL
909 _a202309
_bLucia
_c55
_dLucia Elande
942 _cBK
999 _c11597
_d11597